| 000 | 00973nam a2200265Ia 4500 | ||
|---|---|---|---|
| 003 | OSt | ||
| 005 | 20221005104610.0 | ||
| 006 | a|||||r|||| 00| 0 | ||
| 007 | ta | ||
| 008 | 221004b |||||||| |||| 00| 0 hin d | ||
| 020 |
_a9788183618762 (pbk) _cIndian Rupees 150 |
||
| 024 | _a44205 | ||
| 037 |
_bGift, 07/06/2019, _cTextual |
||
| 040 |
_aCRL _cCRL _bhin |
||
| 041 |
_2hin _ahin |
||
| 082 | _aY15:(Z231,5), 152Q8 | ||
| 100 | _aअग्रवाल, विवेक, ले. | ||
| 245 | 0 |
_aबॉम्बे बार _b चिटके तो फटके |
|
| 246 | _aBaॉmbe bāra: chiṭake to faṭake | ||
| 260 |
_aदिल्ली _bराधाकृष्ण प्रकाशन भारत _c2018 |
||
| 300 |
_a143पृ0 _ccm. |
||
| 650 | _aसमाजशास्त्र | ||
| 942 |
_hY15:(Z231,5), 152Q8 _cTEXL _2cc |
||
| 999 |
_c1013206 _d1013206 |
||